عرض عادي
عرض مارك
- Dornbusch, Rudiger.
مدخل إسم شخص
001 - رقم الضبط
- حقل الضبط: 17738
003 - معرف رقم الضبط
- حقل الضبط: OSt
005 - تاريخ ووقت أخر عملية
- حقل الضبط: 20121129222343.0
008 - عناصر بيانات ثابتة الطول
- حقل تحكم ثابت الطول: 121129|||a|||||| | ||| d
040 ## - مصدر الفهرسة
- هيئة الفهرسة الأصلية: OSt
- وكالة الكتابة: OSt
100 ## - مدخل -- أسم شخص
- إسم شخص: Dornbusch, Rudiger.
670 ## - بيانات المصدر موجوده
- الاستشهاد بالمصدر: Work cat.: (OSt)0: Public debt management :, 1990.
